Rappers who have a song with more than a 750 million views - Statistics

General Stats
  • This quiz has been taken 81 times
  • The average score is 10 of 16
Answer Stats
Name of songs Answer dfgdgd % Correct
Eminem Love The Way You Lie, Not Afraid, Without Me, Rap God, Lose Yourself
96%
Life Is Good, God's Plan, Sicko Mode Drake
89%
Still D.R.E Dr. DRE
86%
In Da Club 50 Cent
84%
Sicko Mode Travis Scott
79%
Anaconda, FEFE Nicki Minaj
77%
Rockstar Post Malone
72%
Still D.R.E Snoop Dogg
68%
Gucci Gang Lil Pump
65%
Bodak Yellow Cardi B
63%
Life Is Good Future
53%
Bad And Boujee Migos
51%
FEFE 6ix9ine
44%
Taste Tyga
44%
Bad And Boujee Lil Uzi Vert
42%
Taste Offset
30%
No matching quizzes found
Score Distribution
Percent of People with Each Score
Percentile by Number Answered
Your Score History
You have not taken this quiz